000 01209cam a2200193 4500500
005 20260322010152.0
041 _afre
042 _adc
100 1 0 _aCornalba, Vincent
_eauthor
245 0 0 _aLe modèle adoptif en placement familial
260 _c2005.
500 _a91
520 _aL’auteur aborde la question du modèle adoptif dans le cadre du placement familial. Cette évolution nécessite l’action conjointe de l’institution, de la famille d’accueil et de l’enfant placé. Pour atténuer les effets de cette dynamique au long cours, il s’agirait, entre autres, d’aider l’assistante maternelle à ne pas identifier l’enfant placé, corps étranger à sa propre famille, au corps étranger interne, constitué d’éléments infantiles non élaborés, qu’elle abrite. Cette étude s’appuie également sur deux observations cliniques susceptibles de préciser les enjeux et les risques du modèle adoptif.
690 _afamille d'accueil
690 _amodèle adoptif
690 _aPlacement familial
786 0 _nDialogue | 167 | 1 | 2005-03-01 | p. 29-38 | 0242-8962
856 4 1 _uhttps://shs.cairn.info/revue-dialogue-2005-1-page-29?lang=fr&redirect-ssocas=7080
999 _c1754488
_d1754488